| 000 | 00981nam a2200169 a 4500 | ||
|---|---|---|---|
| 008 | 100203s1975 ||||||||||||||||| || u | ||
| 050 | _aGOV.ZAM(02)1975/6A | ||
| 110 | _aGovernment of the Republic of Zambia (GRZ) | ||
| 245 | 1 | 0 | _aNdola development plan, the written analysis. vol 1 |
| 260 |
_aLusaka _bGovernment Printer _c1975 |
||
| 350 | _a0.00 | ||
| 650 | _aLOCAL GOVERNMENT--DEVELOPMENT PLAN | ||
| 710 | _aGovernment of the Republic of Zambia. Ministry of Local Government and Housing | ||
| 995 |
_aSPECIAL COLLECTIONS _D0.00 _e03005602 _FCBU-MAIN LIBRARY (Kitwe) _H1 _I0.00 _jGOV.ZAM(02)1975/6A _M1 _UAVAILABLE _WFeb 3, 2010 _y03005602 _ZZambiana Collection |
||
| 995 |
_aSPECIAL COLLECTIONS _D0.00 _e03005620 _FCBU-MAIN LIBRARY (Kitwe) _H1 _I0.00 _jGOV.ZAM(02)1975/6B _M2 _UAVAILABLE _WFeb 3, 2010 _y03005620 _ZZambiana Collection |
||
| 995 |
_aSPECIAL COLLECTIONS _D0.00 _e03005623 _FCBU-MAIN LIBRARY (Kitwe) _H1 _I0.00 _jGOV.ZAM(02)1975/6C _M3 _UAVAILABLE _WFeb 3, 2010 _y03005623 _ZZambiana Collection |
||
| 999 |
_c78739 _d78739 |
||